<?xml version="1.0" encoding="UTF-8"?><?xml-stylesheet type="text/xsl" href="static/style.xsl"?><OAI-PMH xmlns="http://www.openarchives.org/OAI/2.0/" xmlns:xsi="http://www.w3.org/2001/XMLSchema-instance" xsi:schemaLocation="http://www.openarchives.org/OAI/2.0/ http://www.openarchives.org/OAI/2.0/OAI-PMH.xsd"><responseDate>2026-04-26T22:06:54Z</responseDate><request verb="GetRecord" identifier="oai:uvadoc.uva.es:10324/4375" metadataPrefix="marc">https://uvadoc.uva.es/oai/request</request><GetRecord><record><header><identifier>oai:uvadoc.uva.es:10324/4375</identifier><datestamp>2021-05-21T23:42:53Z</datestamp><setSpec>com_10324_38</setSpec><setSpec>col_10324_852</setSpec></header><metadata><record xmlns="http://www.loc.gov/MARC21/slim" xmlns:doc="http://www.lyncode.com/xoai" xmlns:xsi="http://www.w3.org/2001/XMLSchema-instance" xmlns:dcterms="http://purl.org/dc/terms/" xsi:schemaLocation="http://www.loc.gov/MARC21/slim http://www.loc.gov/standards/marcxml/schema/MARC21slim.xsd">
<leader>00925njm 22002777a 4500</leader>
<datafield tag="042" ind1=" " ind2=" ">
<subfield code="a">dc</subfield>
</datafield>
<datafield tag="720" ind1=" " ind2=" ">
<subfield code="a">Sanz Rubio, Sara</subfield>
<subfield code="e">author</subfield>
</datafield>
<datafield tag="260" ind1=" " ind2=" ">
<subfield code="c">2013</subfield>
</datafield>
<datafield tag="520" ind1=" " ind2=" ">
<subfield code="a">Este trabajo aborda el concepto de proceso de aprendizaje de una lengua&#xd;
extranjera, no sólo basándose en la tríada docente-conocimiento-estudiante, sino además&#xd;
teniendo en cuenta otros factores relevantes como el entorno, el contexto, la finalidad&#xd;
del aprendizaje y el perfil del estudiante que se desea conseguir. Para ello, haremos un&#xd;
recorrido por estos factores, descritos anteriormente, y por las teorías sobre las que se&#xd;
construye el aprendizaje.&#xd;
Mención especial merecen las nuevas tecnologías, como recurso para comprobar&#xd;
si contribuyen a mejorar la adquisición de una lengua extranjera y la manera en que lo&#xd;
hacen. Estas técnicas han sido utilizadas, con un grupo de alumnos durante clases de&#xd;
lengua extranjera, para llevar a cabo una intervención y obtener unos resultados.</subfield>
</datafield>
<datafield tag="024" ind2=" " ind1="8">
<subfield code="a">http://uvadoc.uva.es/handle/10324/4375</subfield>
</datafield>
<datafield ind1=" " ind2=" " tag="653">
<subfield code="a">Lenguaje y lenguas-Estudio y enseñanza</subfield>
</datafield>
<datafield ind1=" " ind2=" " tag="653">
<subfield code="a">Lenguaje y lenguas-Estudio y enseñanza-Innovaciones tecnológicas</subfield>
</datafield>
<datafield tag="245" ind1="0" ind2="0">
<subfield code="a">Proceso de aprendizaje de una lengua extranjera</subfield>
</datafield>
</record></metadata></record></GetRecord></OAI-PMH>